Größte Städte Sachsen-Anhalt - Statistiken

Allgemein
  • Dieses Quiz wurde 31 mal gespielt
  • Das Durchschnittsergebnis liegt bei 4 aus 6
Antwortstatistiken
Einwohner Antwort % Korrekt
244.000 Magdeburg
100%
227.000 Halle (Saale)
97%
75.000 Dessau-Roßlau
72%
45.000 Lutherstadt Wittenberg
48%
38.000 Halberstadt
38%
38.000 Weißenfels
31%
Keine übereinstimmenden Quizze gefunden
Verteilung der Resultate
Anzahl Personen mit jedem Resultat
Perzentil nach korrekt beantworteten Fragen
Ihre Resultats-Entwicklung
Sie haben dieses Quiz noch nicht gespielt